| 000 | 01136nam a22003377a 4500 | ||
|---|---|---|---|
| 003 | CHAP | ||
| 005 | 20220329143741.0 | ||
| 008 | 110601s1972 us a r 00010 eng d | ||
| 010 | _a101376 | ||
| 011 | _a102348 | ||
| 020 | _a087404037X | ||
| 035 | _a113036 | ||
| 040 | _cCHAP | ||
| 082 | 0 | 4 |
_a636.213 _bL33 |
| 100 | 1 |
_aLasater, Laurence M. _965013 |
|
| 245 | 1 | 4 |
_aThe Lasater philosophy of catle raising _c/por Laurence M. Lasater |
| 260 |
_aEl Paso : _bTexas Western Press, the University of Texas, _c1972 |
||
| 300 |
_axiii, 69 p. : _bilus. |
||
| 590 |
_aBATCH-UPD _b10 _c20130110 _lUCH01 _h1336 |
||
| 590 |
_aBATCH-UPD _b10 _c20130410 _lUCH01 _h0839 |
||
| 590 |
_aBATCH-UPD _b10 _c20130914 _lUCH01 _h1510 |
||
| 590 |
_aCONVERSION _b10 _c20130109 _lUCH01 _h1356 |
||
| 650 | 1 | 4 |
_aGanado de carne. _945067 |
| 650 | 1 | 4 |
_aGanado de carne _xAspectos económicos. _945071 |
| 650 | 1 | 4 |
_aGanado de carne _xEngorda. _945081 |
| 650 | 1 | 4 |
_aGanado de carne _xFecundidad. _945083 |
| 650 | 1 | 4 |
_aGanado de carne _xMejoramiento. _945091 |
| 901 | _aBK | ||
| 942 | _cLIBRO | ||
| 949 |
_a636.213 L33 _bBC _cLIBRO _d33724002247322 _eLIBRO _h115097 _i113036 _sb |
||
| 999 |
_c101376 _d101376 |
||